|
|
|
|
| LEADER |
00000nam a22000007a 4500 |
| 005 |
20210224215235.0 |
| 007 |
cr|||| |||| |
| 008 |
210224s2017 us |||||s|||| 00||0 eng d |
| 020 |
|
|
|a 9781634256926
|
| 035 |
|
|
|a 31229
|
| 040 |
|
|
|a vLex
|
| 090 |
|
|
|c 11256
|d 11256
|
| 100 |
1 |
|
|a Edelstein, Stewart I.
|
| 245 |
1 |
0 |
|a How to Succeed as a Trial Lawyer, Second Edition
|h [Recurso electrn̤ico] /
|c Stewart I. Edelstein
|
| 250 |
|
|
|a Segunda Edicin̤
|
| 256 |
|
|
|a Servicio en ln̕ea
|
| 260 |
|
|
|a Chicago:
|b American Bar Association,
|c 2017
|
| 300 |
|
|
|a 1 recurso electrn̤ico
|
| 500 |
|
|
|a Unlike any other book for trial lawyers, this portable mentor provides practical advice well beyond what typical books for trial lawyers offer. Subjects include how to deal with clients and everyone else in a trial lawyer's professional life; how to draft everything from emails to settlement agreements, including pleadings, motions, and briefs; all aspects of discovery, including ESI; how to negotiate, mediate, and arbitrate; oral argument; trials; ethics; persuasion; marketing; coping with stress; and essentials for success. Easy-to-use checklists end each chapter, and a comprehensive index provides pin-point guidance.
|
| 506 |
1 |
|
|a Disponible solo en los productos indicados
|d vLex Global
|d vLex Global (Academic Edition, excluding Law Schools)
|d vLex Global (Academic Edition, Law Schools)
|
| 650 |
0 |
4 |
|a Abogados
|z Estados Unidos
|
| 650 |
0 |
4 |
|a Derecho Civil
|z Estados Unidos
|
| 740 |
0 |
|
|a vLex Libros (Servicio en ln̕ea)
|
| 856 |
4 |
0 |
|u http://vlex.com/source/how-to-succeed-as-a-trial-lawyer-second-edition-31229
|z Acceso restringido
|
| 942 |
|
|
|c BOOK
|
| 999 |
0 |
|
|a Lawyers
|
| 999 |
0 |
|
|a Civil Law
|